Statistics for Famous Blondes

Click here to take the quiz!

General Stats

  • This quiz has been taken 139 times
  • The average score is 10 of 16

Answer Stats

HintAnswer% Correct
Fashion doll manufactured by the American toy company Mattel, IncBarbie
88%
Country singer with hits such as "Jolene"Dolly Parton
86%
1950's actress who starred in movies such as "Gentleman Prefer Blondes"Marilyn Monroe
86%
Great-granddaughter of Conrad Hilton, the founder of Hilton HotelsParis Hilton
86%
Colombian singer who's "Hip's Don't Lie"Shakira
84%
She performed acting roles in stage productions and television shows as a child before releasing hits such as "Toxic" and "Baby One More Time"Britney Spears
81%
Former coach of the U.S. version of "The Voice" with hits such as "Genie in a Bottle"Christina Aguilera
72%
American singer known for her iconic "Meat Dress"Lady Gaga
72%
"Hollaback Girl" singer, and coach on the U.S. version of "The Voice"Gwen Stefani
70%
Canadian American actress known for her role in "Baywatch"Pamela Anderson
69%
Known for her "Cone Bra"Madonna
65%
American actress who became Princess of Monaco in 1956Grace Kelly
63%
She rose to stardom with roles in The Mask, My Best Friend's Wedding and There's Something About MaryCameron Diaz
59%
French actress who starred in the 1956 movie "A God Created Women"Brigitte Bardot
46%
1930's actress who starred in movies such as "Red dust" and "Dinner at Eight"Jean Harlow
6%
1940's actress who has played roles in films such as "Sullivan's Travels" and "This Gun for Hire"Veronica Lake
4%

Score Distribution

Percentile by Number Answered

Percent of People with Each Score

Your Score History

You have not taken this quiz